1212 1966 1823 1252 1015 1429 1693 1562 1099 1594 1246 1660 1168 1804 1366 1422 1824 1729 1773 1555 1254 1502 1937 1136 1894 1015 1959 1673 1734 1806 1287 1679 1616 1758 1389 1177 1296 1591 1744 1267 1458 1777 1960 1543 1926 1795 1577 1323 1881 1581 1392 1915 1438 1921 1232 1820 1471 1105 1045 1124 1998 1183 1392 1767 1587 1544 1105 1667 1964 1725 1775 1886 1140 1677 1640 1156 1721 1212 1846 1386 1325 1411 1388 1973 1666 1548 1241 1687 1425 1567 1166 1704 1062 1000 1894 1341 1318 1649 1831 BCNSPRNW ULIB Ver.6.0+V

เปลี่ยนเป็นภาษาไทย

Change to English
 แสดงรายละเอียดบรรณานุกรม
  กลับหน้าหลัก

Brief Record : Get Marc (ISO 2709) : E-mail record : QR code < ปิดหน้าต่าง
LEADER : 00000nam 2200000uu 4500
001    13399126712
003     ULIB
008    020711s2561 th a 000 0 tha d
020    ^a9786164682368
060    ^aWS100^bภ493ก
100    ^aภาสกร ศรีทิพย์สุโข. จัดทำโดย ภาสกร ศรีทิพย์สุโข, อรพรรณ โพชนุกูล, พินัยลัค ตันติลีปิกร เอิร์ด. อรพรรณ โพชนุกูล. พินัยลัค ตันติลีปิกร
245    ^aการวัดคุณภาพชีวิตด้านสุขภาพในเด็ก =^bMeasuring health-related quality of life in children /^cภาสกร ศรีทิพย์สุโข
250    ^aพิมพ์ครั้งที่ 1
260    ^aปทุมธานี :^bโรงพิมพ์มหาวิทยาลัยธรรมศาสตร์,^c2561
300    ^a128 หน้า;^b26 ซม.
650    ^aคุณภาพชีวิต^xการวัด
650    ^aเด็ก^xสุขภาพและอนามัย
945    ^p150^l0^i005322
945    ^p150^l0^i005321
945    ^p150^l0^i005320
945    ^p150^l0^i005319
945    ^p150^l0^i005318
945    ^p150^l0^i005317
999    ^aประนอม เกษจรัล
รายการนี้ยังไม่มีแท็ก
คุณยังไม่ได้ล็อกอิน คุณสามารถมีกิจกรรมร่วมกับเว็บไซต์ได้ แต่ต้องล็อกอินก่อน ::
  ล็อกอิน

รายการสื่อสารสนเทศ

ลำดับที่ ประเภท เลขเรียก/บาร์โค้ด สถานที่ สถานะ
1. วิทยาศาสตร์การแพทย์ และสุขภาพ
หนังสือสำรอง
สถานะ=หนังสือสำรอง
WS100 ภ493ก ฉ.1 
  Barcode: 005317
ห้องสมุดวิทยาเขตสวรรค์ประชารักษ์
►หนังสือทั่วไป
บนชั้น
2. วิทยาศาสตร์การแพทย์ และสุขภาพ
วิทยาศาสตร์การแพทย์ และสุขภาพ
WS100 ภ493ก ฉ.2 
  Barcode: 005318
ห้องสมุดวิทยาเขตสวรรค์ประชารักษ์
►หนังสือทั่วไป
บนชั้น
3. วิทยาศาสตร์การแพทย์ และสุขภาพ
วิทยาศาสตร์การแพทย์ และสุขภาพ
WS100 ภ493ก ฉ.3 
  Barcode: 005319
ห้องสมุดวิทยาเขตสวรรค์ประชารักษ์
►หนังสือทั่วไป
บนชั้น
4. วิทยาศาสตร์การแพทย์ และสุขภาพ
วิทยาศาสตร์การแพทย์ และสุขภาพ
WS100 ภ493ก ฉ.4 
  Barcode: 005320
ห้องสมุดวิทยาเขตสวรรค์ประชารักษ์
►หนังสือทั่วไป
บนชั้น
5. วิทยาศาสตร์การแพทย์ และสุขภาพ
วิทยาศาสตร์การแพทย์ และสุขภาพ
WS100 ภ493ก ฉ.5 
  Barcode: 005321
ห้องสมุดวิทยาเขตสวรรค์ประชารักษ์
►หนังสือทั่วไป
บนชั้น
6. วิทยาศาสตร์การแพทย์ และสุขภาพ
วิทยาศาสตร์การแพทย์ และสุขภาพ
WS100 ภ493ก ฉ.6 
  Barcode: 005322
ห้องสมุดวิทยาเขตสวรรค์ประชารักษ์
►หนังสือทั่วไป
บนชั้น

รายการใกล้เคียง
    ผู้แต่ง [ภาสกร ศรีทิพย์สุโข. จัดทำโดย ภาสกร ศรีทิพย์สุโข, อรพรรณ โพชนุกูล, พินัยลัค ตันติลีปิกร เอิร์ด. อรพรรณ โพชนุกูล. พินัยลัค ตันติลีปิกร]

BibComment


ยังไม่เคยถูกคอมเมนท์

คอมเมนท์ทรัพยากรรายการนี้
  คอมเมนท์: การวัดคุณภาพชีวิ..


 Copyright 2026. Bcnsprnw @Library